South African Criminal Law and Procedure / (Record no. 600)

MARC details
000 -LEADER
fixed length control field 00548nam a22001817a 4500
005 - DATE AND TIME OF INPUT
control field 20231114071450.0
008 - DATA ELEMENTS--GENERAL INFORMATION
fixed length control field 231114b |||||||| |||| 00| 0 eng d
020 ## - INTERNATIONAL STANDARD BOOK NUMBER
International Standard Book Number 0702137731
041 ## - LANGUAGE CODE
Language code of text English
082 ## - SHELF NUMBER
DDC number 345 SOU
100 ## - MAIN AUTHOR
Main author's name Milton, JRL
Language of a work English
245 ## - TITLE STATEMENT
Title South African Criminal Law and Procedure /
Statement of responsibility, etc. JRL Milton
250 ## - EDITION STATEMENT
Edition statement Third Edition
260 ## - PUBLICATION, DISTRIBUTION, ETC.
Place of publication, distribution, etc. Cape Town :
Name of publisher, distributor, etc. Juta and Company Ltd,
Date of publication, distribution, etc. 1996
300 ## - PHYSICAL DESCRIPTION
Other physical details lxxviii, 849 pages ;
Dimensions 26 cm.
650 ## - SUBJECT`
Broad subject Legal practice
Own subject terms Law
942 ## - ADDED ENTRY ELEMENTS (KOHA)
Item type Books
942 ## - ADDED ENTRY ELEMENTS (KOHA)
-- ALISON_BN_VRIES
Holdings
Source of classification or shelving scheme Volume number (bound volume or other part) Not for loan Collection code Home library Current library Shelving location Date acquired Full call number Barcode Price effective from Koha item type
Dewey Decimal Classification Volume II   TEXT BOOKS LAW SOCIETY OF NAMIBIA LIBRARY - WINDHOEK LAW SOCIETY OF NAMIBIA LIBRARY - WINDHOEK Criminal law and procedures 11/14/2023 345 SOU LSN/1997/19 11/14/2023 Books